Actual problems and characteristics of scientific and technical translation; Язык и мировая культура: взгляд молодых исследователей; Ч. 1
| Parent link: | Язык и мировая культура: взгляд молодых исследователей: сборник материалов XIV Всероссийской научно-практической конференции, г. Томск, 26-28 апреля 2014 г./ Национальный исследовательский Томский политехнический университет (ТПУ) ; под ред. Н. А. Качалова.— , 2014 Ч. 1.— 2014.— [С. 22-23] |
|---|---|
| Autor principal: | |
| Autor corporatiu: | |
| Altres autors: | |
| Sumari: | Заглавие с титульного экрана |
| Idioma: | anglès |
| Publicat: |
2014
|
| Matèries: | |
| Accés en línia: | http://earchive.tpu.ru/handle/11683/20664 http://www.lib.tpu.ru/fulltext/c/2014/C89/V1/008.pdf |
| Format: | MixedMaterials Electrònic Capítol de llibre |
| KOHA link: | https://koha.lib.tpu.ru/cgi-bin/koha/opac-detail.pl?biblionumber=611506 |
MARC
| LEADER | 00000naa2a2200000 4500 | ||
|---|---|---|---|
| 001 | 611506 | ||
| 005 | 20250514164204.0 | ||
| 035 | |a (RuTPU)RU\TPU\conf\9302 | ||
| 035 | |a RU\TPU\conf\9301 | ||
| 090 | |a 611506 | ||
| 100 | |a 20150401d2014 k y0rusy50 ba | ||
| 101 | 0 | |a eng | |
| 102 | |a RU | ||
| 105 | |a y z 101zy | ||
| 135 | |a drcn ---uucaa | ||
| 181 | 0 | |a i | |
| 182 | 0 | |a b | |
| 200 | 1 | |a Actual problems and characteristics of scientific and technical translation |f D. V. Sleptsov, A. L. Buran | |
| 203 | |a Текст |c электронный | ||
| 300 | |a Заглавие с титульного экрана | ||
| 320 | |a [Библиогр.: с. 23 (2 назв.)] | ||
| 337 | |a Adobe Reader | ||
| 461 | 1 | |0 (RuTPU)RU\TPU\conf\9284 |t Язык и мировая культура: взгляд молодых исследователей |o сборник материалов XIV Всероссийской научно-практической конференции, г. Томск, 26-28 апреля 2014 г. |o в 2 ч. |f Национальный исследовательский Томский политехнический университет (ТПУ) ; под ред. Н. А. Качалова |d 2014 | |
| 463 | 0 | |0 (RuTPU)RU\TPU\conf\9285 |t Ч. 1 |v [С. 22-23] |d 2014 | |
| 610 | 1 | |a труды учёных ТПУ | |
| 610 | 1 | |a электронный ресурс | |
| 700 | 1 | |a Sleptsov |b D. V. | |
| 701 | 1 | |a Buran |b A. L. |c linguist |c Associate Professor of Tomsk Polytechnic University, Candidate of pedagogical sciences |f 1977- |g Anna Leonidovna |3 (RuTPU)RU\TPU\pers\34142 |9 17682 | |
| 712 | 0 | 2 | |a Национальный исследовательский Томский политехнический университет |c (2009- ) |9 26305 |
| 801 | 2 | |a RU |b 63413507 |c 20220225 |g RCR | |
| 850 | |a 63413507 | ||
| 856 | 4 | |u http://earchive.tpu.ru/handle/11683/20664 | |
| 856 | 4 | |u http://www.lib.tpu.ru/fulltext/c/2014/C89/V1/008.pdf | |
| 942 | |c BK | ||